Ч. 1 : Гидравлические системы автоматизации; Гидравлические и пневматические системы автоматизации технологических процессов

Detalles Bibliográficos
Parent link:Гидравлические и пневматические системы автоматизации технологических процессов: конспект лекций/ А. П. Кукушкин; Ленинградский политехнический институт им. М. И. Калинина (ЛПИ). Ч. 1 : Гидравлические системы автоматизации.— , 1975
Idioma:ruso
Publicado: 1975
Subjects:
Formato: MixedMaterials Libro
KOHA link:https://koha.lib.tpu.ru/cgi-bin/koha/opac-detail.pl?biblionumber=289763

MARC

LEADER 00000nam0a2200000 4500
001 289763
005 20231102000222.0
035 |a (RuTPU)RU\TPU\book\314279 
090 |a 289763 
100 |a 20150402d1975 m y0rusy50 ca 
101 0 |a rus 
102 |a RU 
105 |a a j 001zy 
200 0 |a Ч. 1 : Гидравлические системы автоматизации 
210 |d 1975 
215 |a 133 с.  |c ил. 
320 |a Библиогр.: с. 132 
461 |t Гидравлические и пневматические системы автоматизации технологических процессов  |o конспект лекций  |f А. П. Кукушкин  |g Ленинградский политехнический институт им. М. И. Калинина (ЛПИ)  |v Ч. 1 : Гидравлические системы автоматизации  |d 1975 
606 1 |a Гидропневмоавтоматика  |2 stltpush  |3 (RuTPU)RU\TPU\subj\6787  |9 34587 
610 1 |a рабочие жидкости 
610 1 |a гидравлические системы 
610 1 |a приводы 
610 1 |a распределительные устройства 
610 1 |a регулирующие устройства 
610 1 |a энергия 
610 1 |a потери 
610 1 |a объемные гидроприводы 
610 1 |a законы движения 
610 1 |a расчет 
610 1 |a следящие гидросистемы 
610 1 |a проектирование 
610 1 |a лекции 
610 1 |a учебные пособия 
675 |a 681.523(075.8)  |v 3 
801 1 |a RU  |b 63413507  |c 20150402 
801 2 |a RU  |b 63413507  |c 20170710  |g RCR 
942 |c BK